[Event "AUTO-ADV-4575"]
[Site "http://www.queenalice.com/game.php?id=1779207"]
[Date "2022.1.3"]
[Round "1"]
[White "captainslog"]
[Black "chessman"]
[Result "1-0"]
[WhiteElo "1879"]
[BlackElo "1900"]

1. e4 e6 2. d4 d5 3. e5 c5 4. c3 Nc6 5. Nf3 Qb6 6. a3 Nge7 7. b4 cxd4 8. cxd4
Nf5 9. Bb2 Bd7 10. Be2 Rc8 11. O-O Na5 12. Nbd2 Nc4 13. Nxc4 dxc4 14. Bc3 Bc6
15. Bxc4 Bxf3 16. Qxf3 Rxc4 17. d5 Rc8 18. d6 Rg8 19. Rfd1 Kd7 20. g4 Nh4 21.
Qxf7+ 1-0

[Event "Let's Play Chess!"]
[Site "http://www.queenalice.com/game.php?id=1779438"]
[Date "2022.1.6"]
[Round "-"]
[White "harvir"]
[Black "captainslog"]
[Result "1-0"]
[WhiteElo "1702"]
[BlackElo "1915"]

1. e4 e5 2. Nf3 Nc6 3. Bb5 a6 4. Ba4 Nf6 5. O-O Be7 6. Re1 b5 7. Bb3 Bb7 8. d4
O-O 9. dxe5 Ne8 10. Nc3 Na5 11. Nd5 Nxb3 12. axb3 c6 13. Nxe7+ Qxe7 14. Bg5 f6
15. exf6 Nxf6 16. e5 1-0

[Event "Challenge"]
[Site "http://www.queenalice.com/game.php?id=1779447"]
[Date "2022.1.6"]
[Round "-"]
[White "captainslog"]
[Black "Zeca1955"]
[Result "0-1"]
[WhiteElo "1913"]
[BlackElo "1781"]

1. e4 e5 2. Nf3 d6 3. d4 f6 4. Bc4 Bg4 5. dxe5 fxe5 6. Bf7+ Kxf7 7. Ng5+ Qxg5 8.
Bxg5 Bxd1 9. Kxd1 Nc6 10. c3 Be7 11. Be3 Nf6 12. Nd2 Rhf8 13. f3 Kg8 14. Kc2 b5
15. b4 d5 16. Bg5 d4 17. Nb3 dxc3 18. Bxf6 Rxf6 19. a3 Nd4+ 20. Kxc3 Nxb3 21.
Kxb3 a5 22. Rac1 a4+ 23. Ka2 c6 24. Rhd1 g5 25. Rd7 Kf7 26. Rc7 Ra6 27. Rd1 Ke6
28. Rdd7 Rf7 29. Ra7 Rxa7 30. Rxa7 h5 31. Ra8 h4 32. Rg8 Bf6 33. g4 hxg3 34.
hxg3 Kd7 35. Kb2 Rh7 0-1

[Event "Let's Play Chess!"]
[Site "http://www.queenalice.com/game.php?id=1779909"]
[Date "2022.1.11"]
[Round "-"]
[White "captainslog"]
[Black "Charles56"]
[Result "1-0"]
[WhiteElo "1929"]
[BlackElo "1477"]

1. e4 e5 2. Nf3 d6 3. Bc4 h6 4. d4 exd4 5. Nxd4 Nf6 6. Nc3 a6 7. O-O Bg4 8. f3
Be6 9. Nxe6 fxe6 10. Bxe6 Nc6 11. Nd5 Ne5 12. Nxf6+ gxf6 13. f4 Nc6 14. Qd5 Rh7
15. Qh5+ Ke7 16. Bf5 Rg7 17. Bg6 Rg8 18. f5 Kd7 19. Bh7 Rg7 20. Bg6 Re7 21. Bxh6
Bxh6 22. Qxh6 Qg8 23. h4 Ne5 24. h5 Rg7 25. Qd2 Nxg6 26. fxg6 Qf8 27. Rf3 Re8
28. Re1 Re5 29. Rf5 b6 30. Re3 Rxf5 31. exf5 c6 32. h6 Re7 33. Rxe7+ Kxe7 34. h7
Qg7 35. Qf4 1-0

[Event "Let's Play Chess!"]
[Site "http://www.queenalice.com/game.php?id=1779910"]
[Date "2022.1.11"]
[Round "-"]
[White "Charles56"]
[Black "captainslog"]
[Result "0-1"]
[WhiteElo "1500"]
[BlackElo "1913"]

1. d4 Nf6 2. Nf3 g6 3. Nc3 Bg7 4. Bg5 d5 5. h3 Ne4 6. Bh4 c5 7. dxc5 Qa5 8. Qxd5
Nxc3 9. Qd2 Nc6 10. Qe3 Be6 11. a3 Nd5+ 12. Qd2 Bxb2 0-1

[Event "AUTO-ADV-4583"]
[Site "http://www.queenalice.com/game.php?id=1781283"]
[Date "2022.1.25"]
[Round "1"]
[White "dimitridruloza2012"]
[Black "captainslog"]
[Result "0-1"]
[WhiteElo "1835"]
[BlackElo "1916"]

1. d4 Nf6 2. e3 g6 3. Nc3 Bg7 4. g3 d5 5. Bg2 Bg4 6. Bf3 Bxf3 7. Nxf3 O-O 8. Ng5
Nc6 9. Qf3 h6 10. Nh3 e5 11. dxe5 Nxe5 12. Qe2 Neg4 13. Nf4 Ne5 14. Bd2 Ne4 15.
Nxe4 dxe4 16. O-O-O Qc8 17. Bc3 Re8 18. Bxe5 Bxe5 19. Nd5 Qe6 20. f4 exf3 21.
Qxf3 c6 22. Nb4 a5 23. Nd3 Qxa2 24. Kd2 Bxb2 25. Rhf1 Rad8 26. Ke1 Bd4 27. Nc1
Qe6 28. Ne2 Bxe3 29. Rxd8 Rxd8 30. Nf4 Bxf4+ 31. Kf2 Rd2+ 32. Kg1 Be3+ 33. Kh1
Bc5 34. Qf4 Qd5+ 35. Rf3 Rd1+ 36. Kg2 Qd2+ 37. Kh3 Qd5 38. c4 Qe6+ 39. g4 Rd4
40. Qg3 Bd6 41. Qg1 c5 42. Re3 Qxc4 43. Re8+ Kg7 44. Qa1 Qd3+ 45. Kh4 g5+ 46.
Kh5 Qh3# 0-1

[Event "AUTO-ADV-4583"]
[Site "http://www.queenalice.com/game.php?id=1781284"]
[Date "2022.1.25"]
[Round "1"]
[White "captainslog"]
[Black "dimitridruloza2012"]
[Result "1-0"]
[WhiteElo "1891"]
[BlackElo "1833"]

1. e4 e5 2. Nf3 d6 3. Bc4 Bg4 4. d4 Nf6 5. dxe5 Nxe4 6. Qd5 Ng5 7. Nxg5 Qe7 8.
Qxf7+ Kd8 9. O-O Qxe5 10. Ne6+ Bxe6 11. Qxe6 Qc5 12. Bd5 Nc6 13. Bg5+ Be7 14.
Bxc6 Qxg5 15. Qd7# 1-0

[Event "AUTO-ADV-4583"]
[Site "http://www.queenalice.com/game.php?id=1781299"]
[Date "2022.1.25"]
[Round "1"]
[White "jagiellonczyk"]
[Black "captainslog"]
[Result "1/2-1/2"]
[WhiteElo "2025"]
[BlackElo "1896"]

1. e4 e5 2. Nf3 Nf6 3. Nc3 Nc6 4. Bc4 Nxe4 5. Nxe4 d5 6. Bxd5 Qxd5 7. d3 Bf5 8.
Ng3 Bg4 9. Be3 f5 10. c4 Qa5+ 11. Bd2 Bxf3 12. Qxf3 Bb4 13. Qd1 Bxd2+ 14. Qxd2
Qxd2+ 15. Kxd2 O-O 16. b3 Rad8 17. Kc3 a5 18. a3 Nd4 19. Rhe1 Rfe8 20. Ne2 c5
21. Nxd4 Rxd4 22. Re3 Kf7 1/2-1/2

[Event "AUTO-ADV-4583"]
[Site "http://www.queenalice.com/game.php?id=1781300"]
[Date "2022.1.25"]
[Round "1"]
[White "captainslog"]
[Black "jagiellonczyk"]
[Result "0-1"]
[WhiteElo "1901"]
[BlackElo "1991"]

1. e4 e5 2. Nf3 Nc6 3. d4 exd4 4. Nxd4 d6 5. Nxc6 bxc6 6. c4 Nf6 7. Nc3 Be7 8.
Bd3 O-O 9. Bg5 Nd7 10. Bxe7 Qxe7 11. O-O Nf6 12. f3 Rb8 13. b3 Qe5 14. Rc1 Qg5
15. Rf2 Qe5 16. f4 Qd4 17. e5 dxe5 18. fxe5 Qxe5 19. Qe2 Qc5 20. Ne4 Nxe4 21.
Qxe4 g6 22. Qf4 Qd6 23. Qh6 Qxd3 24. Rcf1 Qd4 25. Kh1 Qg7 26. Qf4 f5 27. g4 Be6
28. gxf5 Bxf5 29. Rg1 Be4+ 0-1

[Event "AUTO-ADV-4583"]
[Site "http://www.queenalice.com/game.php?id=1781309"]
[Date "2022.1.25"]
[Round "1"]
[White "Castling"]
[Black "captainslog"]
[Result "1-0"]
[WhiteElo "1708"]
[BlackElo "1915"]

1. e4 e5 2. Bc4 Nf6 3. d3 Nc6 4. a3 d5 5. Bb5 dxe4 6. Bg5 Be7 7. Bxf6 Bxf6 8.
Bxc6+ bxc6 9. dxe4 Qxd1+ 10. Kxd1 O-O 11. h3 Rd8+ 12. Nd2 Bg5 13. Nf3 f5 14.
Nxg5 Ba6 15. Ne6 Rdc8 16. Nc5 1-0

[Event "AUTO-ADV-4583"]
[Site "http://www.queenalice.com/game.php?id=1781310"]
[Date "2022.1.25"]
[Round "1"]
[White "captainslog"]
[Black "Castling"]
[Result "0-1"]
[WhiteElo "1905"]
[BlackElo "1732"]

1. e4 e5 2. Nf3 d6 3. Bc4 h6 4. Nc3 a6 5. d4 Bg4 6. dxe5 Nc6 7. exd6 Qxd6 8.
Qxd6 Bxd6 9. h3 Be6 10. Nd5 Nge7 11. Nxc7+ Bxc7 12. Bxe6 fxe6 13. c3 Ne5 14.
Nxe5 Bxe5 15. O-O Rd8 16. f4 Bb8 17. Be3 O-O 18. Rad1 Nc6 19. Bc5 Rxd1 20. Rxd1
Rxf4 21. Re1 e5 22. Kh2 g5 23. g4 Ba7 24. Be3 Rxe4 0-1

[Event "AUTO-ADV-4585"]
[Site "http://www.queenalice.com/game.php?id=1781869"]
[Date "2022.2.1"]
[Round "1"]
[White "PaulMSains"]
[Black "captainslog"]
[Result "1-0"]
[WhiteElo "1988"]
[BlackElo "1931"]

1. e4 e5 2. Nf3 Nf6 3. Nc3 g6 4. Bc4 Nc6 5. O-O Bg7 6. d3 d6 7. Bg5 h6 8. Be3
Bg4 9. h3 Bxf3 10. Qxf3 O-O 11. Nd5 Nd7 12. c3 Na5 13. b4 Nxc4 14. dxc4 c6 15.
Nf4 exf4 16. Bxf4 Ne5 17. Qe3 Nxc4 18. Qc1 Qf6 19. Rd1 Rad8 20. Bxh6 Bxh6 21.
Qxh6 Qxc3 22. Rac1 Qg7 23. Qxg7+ Kxg7 24. Rxc4 f5 25. exf5 Rxf5 26. a3 d5 27.
Rcd4 Rdf8 28. f3 Rf4 29. Rxf4 Re8 30. Rd3 Re5 31. Kh2 b6 32. Rfd4 Kf6 33. g4 g5
34. f4 1-0

[Event "AUTO-ADV-4585"]
[Site "http://www.queenalice.com/game.php?id=1781870"]
[Date "2022.2.1"]
[Round "1"]
[White "captainslog"]
[Black "PaulMSains"]
[Result "1-0"]
[WhiteElo "1894"]
[BlackElo "2033"]

1. e4 e5 2. Nf3 Nc6 3. Bc4 h6 4. d4 exd4 5. Nxd4 Nxd4 6. Qxd4 d6 7. O-O c5 8.
Qd5 Qf6 9. Bb5+ Kd8 10. Rd1 Qe7 11. e5 Be6 12. exd6 Bxd5 13. dxe7+ Nxe7 14. Nc3
a6 15. Nxd5 Nxd5 16. Rxd5+ Kc7 17. Bf4+ Kb6 18. Bc4 g5 19. Be5 Rh7 20. Rd7 Re8
21. Bc7+ Kc6 22. Rad1 Re1+ 23. Rxe1 Kxd7 24. Bd3 Rg7 25. Be5 Rg8 26. Bh7 1-0

[Event "AUTO-ADV-4585"]
[Site "http://www.queenalice.com/game.php?id=1781885"]
[Date "2022.2.1"]
[Round "1"]
[White "lat47"]
[Black "captainslog"]
[Result "0-1"]
[WhiteElo "1781"]
[BlackElo "1882"]

1. e4 e5 2. Nc3 Nf6 3. Nf3 Nc6 4. Bc4 Nxe4 5. Nxe4 d5 6. Bxd5 Qxd5 7. Nc3 Qd6 8.
d3 Bg4 9. Qe2 Nd4 10. Qd2 Bxf3 11. gxf3 Nxf3+ 0-1

[Event "AUTO-ADV-4585"]
[Site "http://www.queenalice.com/game.php?id=1781886"]
[Date "2022.2.1"]
[Round "1"]
[White "captainslog"]
[Black "lat47"]
[Result "1-0"]
[WhiteElo "1897"]
[BlackElo "1762"]

1. e4 c5 2. c3 e5 3. d4 cxd4 4. cxd4 Nc6 5. d5 Nd4 6. Bd3 h6 7. Nf3 Bc5 8. Nxe5
Qe7 9. Nf3 d6 10. Nxd4 Bxd4 11. Bb5+ Bd7 12. Bxd7+ Qxd7 13. Qxd4 f6 14. Nc3 a6
15. O-O Ne7 16. Ne2 Ng6 17. Nf4 Nh4 18. Ne6 Rg8 19. Bf4 Ke7 20. Bg3 Ng6 21. f4
Nf8 22. f5 Nh7 23. Rac1 Rac8 24. h4 g5 25. Kf2 gxh4 26. Bxh4 Kf7 27. Rh1 Rxc1
28. Rxc1 Rc8 29. Qe3 1-0

[Event "AUTO-ADV-4585"]
[Site "http://www.queenalice.com/game.php?id=1781897"]
[Date "2022.2.1"]
[Round "1"]
[White "captainslog"]
[Black "Biagio"]
[Result "0-1"]
[WhiteElo "1917"]
[BlackElo "1805"]

1. e4 c6 2. d4 d5 3. e5 Bf5 4. Nf3 e6 5. Bd3 Bxd3 6. Qxd3 Qa5+ 7. Nc3 Qa6 8.
Qxa6 Nxa6 9. a3 f6 10. Bf4 Ne7 11. O-O-O Ng6 12. Bg3 Be7 13. Rde1 f5 14. Nd2 f4
0-1

[Event "AUTO-ADV-4585"]
[Site "http://www.queenalice.com/game.php?id=1781898"]
[Date "2022.2.1"]
[Round "1"]
[White "Biagio"]
[Black "captainslog"]
[Result "1-0"]
[WhiteElo "2102"]
[BlackElo "1895"]

1. d4 Nf6 2. Nf3 g6 3. Bf4 Bg7 4. e3 O-O 5. Be2 Nh5 6. Bg5 d5 7. Nc3 h6 8. Bh4
Nc6 9. O-O Bf6 10. Bxf6 Nxf6 11. Ne5 Bf5 12. Nxc6 bxc6 13. Bd3 Bxd3 14. cxd3 Rb8
15. b3 Re8 16. Rc1 e5 17. dxe5 Rxe5 18. Ne2 Qd6 19. Nd4 Rh5 20. Nf3 c5 21. Re1
Rb4 22. h3 Nd7 23. d4 a5 24. Re2 Nf6 25. Rxc5 Ne4 26. Rc1 c5 27. dxc5 Nxc5 28.
Rec2 Ne6 29. Rc4 Rxc4 30. Rxc4 Qd8 31. Rc2 Ng5 32. Nxg5 Rxg5 33. f4 Rf5 34. Qc1
Qb6 35. Rc8+ Kh7 36. Rc5 Qd8 37. Qd2 Qb6 38. Qxa5 Qe6 39. Qd2 Qe4 40. b4 g5 41.
fxg5 Rxg5 42. Qc2 Re5 43. Qxe4+ Rxe4 44. b5 Rb4 45. Rxd5 1-0

[Event "AUTO-ADV-4575"]
[Site "http://www.queenalice.com/game.php?id=1783446"]
[Date "2022.2.25"]
[Round "2"]
[White "andrevillares"]
[Black "captainslog"]
[Result "1-0"]
[WhiteElo "2102"]
[BlackElo "1889"]

1. d4 Nf6 2. c4 g6 3. Nc3 Bg7 4. e4 d6 5. Bd3 c5 6. Nge2 cxd4 7. Nxd4 Nc6 8. Nb3
O-O 9. O-O Nd7 10. Bg5 Nd4 11. Nxd4 Bxd4 12. Nd5 f6 13. Bh6 Rf7 14. Rb1 Ne5 15.
Be2 g5 16. Qxd4 Nc6 17. Qd2 e5 18. Bh5 Rd7 19. h4 Ne7 20. Nxf6+ 1-0

[Event "AUTO-ADV-4575"]
[Site "http://www.queenalice.com/game.php?id=1783447"]
[Date "2022.2.25"]
[Round "2"]
[White "captainslog"]
[Black "andrevillares"]
[Result "0-1"]
[WhiteElo "1902"]
[BlackElo "2122"]

1. e4 c6 2. d4 d5 3. e5 Bf5 4. Nf3 e6 5. Bd3 Bxd3 6. Qxd3 Nd7 7. O-O c5 8. c4
Rc8 9. cxd5 exd5 10. Be3 c4 11. Qd2 Ne7 12. Bg5 h6 13. Bxe7 Bxe7 14. Nc3 Nb6 15.
Qc2 O-O 16. Nd2 Qd7 17. f4 f6 18. Rae1 fxe5 19. fxe5 Qg4 20. Ne2 Bb4 21. h3
Rxf1+ 22. Rxf1 Qxe2 0-1

[Event "AUTO-ADV-4575"]
[Site "http://www.queenalice.com/game.php?id=1783452"]
[Date "2022.2.25"]
[Round "2"]
[White "captainslog"]
[Black "chessman"]
[Result "0-1"]
[WhiteElo "1908"]
[BlackElo "2005"]

1. e4 e6 2. d4 d5 3. e5 c5 4. c3 cxd4 5. cxd4 Nc6 6. Bb5 Bd7 7. Ba4 Nge7 8. Nc3
Nf5 9. Nf3 Qb6 10. Bxc6 bxc6 11. O-O c5 12. g4 Nxd4 13. Be3 Nxf3+ 14. Qxf3 Qxb2
15. Rfc1 Be7 16. Rab1 Qa3 17. Rb7 d4 18. Rxd7 Kxd7 19. Nb5 Qa6 20. Nxd4 cxd4 21.
Bxd4 Rhc8 22. Rd1 Ke8 23. Qe4 g6 0-1

[Event "AUTO-ADV-4575"]
[Site "http://www.queenalice.com/game.php?id=1783453"]
[Date "2022.2.25"]
[Round "2"]
[White "chessman"]
[Black "captainslog"]
[Result "1-0"]
[WhiteElo "1990"]
[BlackElo "1909"]

1. e4 e5 2. Nf3 Nf6 3. Nxe5 d6 4. Nf3 Nxe4 5. d4 d5 6. Bd3 Bg4 7. O-O Be7 8. c3
Nc6 9. Re1 O-O 10. Bxe4 Bxf3 11. Bxf3 Na5 12. Be3 Nc4 13. b3 Nxe3 14. Rxe3 Bg5
15. Re2 c6 16. Nd2 Qd6 17. Nf1 Rae8 18. Ng3 Bf4 19. Nf1 Re6 20. Rxe6 fxe6 21.
Qd3 Rf5 22. Re1 Rf6 23. Ng3 Qa3 24. Qe2 Bc7 25. h3 Bxg3 26. fxg3 Qd6 27. Qe5
Qxe5 28. Rxe5 Kf7 29. g4 Ke7 30. Kf2 h6 31. Ke3 g5 32. g3 Kd6 33. h4 gxh4 34.
gxh4 Ke7 35. g5 hxg5 36. hxg5 Rg6 37. c4 Kd6 38. c5+ Ke7 39. Bh5 Rg7 40. g6 Kf6
41. Kf4 Rg8 42. Rg5 b5 43. g7 Rxg7 44. Rxg7 Kxg7 45. Ke5 1-0

[Event "AUTO-ADV-4575"]
[Site "http://www.queenalice.com/game.php?id=1783454"]
[Date "2022.2.25"]
[Round "2"]
[White "captainslog"]
[Black "Fauquinelle"]
[Result "0-1"]
[WhiteElo "1896"]
[BlackElo "2040"]

1. e4 c5 2. c3 g6 3. d4 cxd4 4. cxd4 d5 5. e5 Bg7 6. Nc3 f6 7. f4 fxe5 8. fxe5
Nc6 9. Nf3 Nh6 10. Bb5 O-O 11. h3 Bf5 12. Nh4 e6 13. O-O Qxh4 14. Bxh6 Bxh6 15.
Ne2 Be3+ 0-1

[Event "AUTO-ADV-4575"]
[Site "http://www.queenalice.com/game.php?id=1783455"]
[Date "2022.2.25"]
[Round "2"]
[White "Fauquinelle"]
[Black "captainslog"]
[Result "0-1"]
[WhiteElo "2055"]
[BlackElo "1886"]

1. d4 Nf6 2. c4 g6 3. Nc3 Bg7 4. e4 d6 5. f3 O-O 6. Be3 c6 7. Bd3 Na6 8. a3 e5
9. dxe5 dxe5 10. Qb3 Qxd3 11. Rd1 Qxe3+ 12. Nge2 Nh5 13. Qc2 Nf4 14. Kf1 Nh3 15.
Ng1 Nxg1 16. Rxg1 Be6 17. b3 Rad8 18. Rxd8 Rxd8 19. Nd1 Qd2 20. Qxd2 Rxd2 21.
Ke1 Ra2 22. a4 Nc5 0-1

[Event "Challenge"]
[Site "http://www.queenalice.com/game.php?id=1784277"]
[Date "2022.3.8"]
[Round "-"]
[White "JJerzy"]
[Black "captainslog"]
[Result "1-0"]
[WhiteElo "1500"]
[BlackElo "1882"]

1. d4 Nf6 2. Nf3 g6 3. g3 d6 4. Bg2 Bg4 5. O-O Bg7 6. c3 O-O 7. Nbd2 Qc8 8. Re1
c5 9. Qb3 Be6 10. Qc2 Bf5 11. Qa4 Nbd7 12. Nh4 Bg4 13. Ne4 Nxe4 14. Bxe4 Nb6 15.
Qd1 d5 16. Bg2 Bh3 17. dxc5 Bxg2 18. cxb6 Be4 19. f3 Qc5+ 20. Kf1 Bf5 21. Nxf5
gxf5 22. bxa7 Rxa7 23. Qd3 e6 24. Be3 d4 25. Bxd4 Bxd4 26. Qxd4 Qxd4 27. cxd4
Rfa8 28. a3 Ra4 29. Red1 Rd8 30. e3 b5 31. Rac1 Rda8 32. Rd3 b4 33. Rc4 bxa3 34.
Rxa4 Rxa4 35. bxa3 1-0

[Event "Challenge"]
[Site "http://www.queenalice.com/game.php?id=1786402"]
[Date "2022.4.6"]
[Round "-"]
[White "captainslog"]
[Black "Retraiteactive"]
[Result "1-0"]
[WhiteElo "1882"]
[BlackElo "1970"]

1. e4 e6 2. d4 d5 3. e5 c5 4. c3 Nc6 5. Nf3 Qb6 6. Na3 cxd4 7. Bb5 dxc3 8. Be3
Bc5 9. Bxc6+ bxc6 10. Bxc5 Qxc5 11. Rc1 Qb6 12. Rxc3 Ba6 13. Qa4 Ne7 14. Nd4 Bb5
15. Naxb5 cxb5 16. Qxb5+ Qxb5 17. Nxb5 O-O 18. O-O Ng6 19. Rc7 Nxe5 20. Rxa7
Rxa7 21. Nxa7 Ra8 22. Rc1 g6 23. Rc8+ Rxc8 24. Nxc8 Nc4 25. b3 Nb2 26. a4 Kf8
27. a5 1-0